000 00420nam a22001577a 4500
005 20251108175712.0
008 250721s9999 xx 000 0 eng d
082 1 4 _aJ/F/KIN
245 1 4 _aTHE KING "PORTRAIT /
264 1 _aDELHI :
_bMANOJ PUBLICATIONS,
490 0 _aPRESCHOOL READER FOR BEGINNERS
650 1 7 _aFICTION
653 _aاطفال مرحلة متوسطة(6-9)
942 _2ddc
_cBK
999 _c140363
_d140363